000 00545nam a2200217Ia 4500
001 13370
003 GE_BSU
008 181216s||||||||xx |||||||||||||| ||und||
020 _a0434009091
040 _cGE_BSU
080 _a575
100 _aZimmer,Carl
245 _aEvolution:The Triuph of an Idea
245 _cIntroduction by Stephen Jany Could. Foreword by Richard Hutton
260 _aLondon
260 _bwilliam Heineman
260 _c2001
300 _a364p.ill.26cm.
653 _aEvolution:The Triuph of an Idea
942 _cBK
999 _c46531
_d46531